Modern Operating Systems (Record no. 3771)

MARC details
000 -LEADER
fixed length control field 00361nam a2200157Ia 4500
008 - FIXED-LENGTH DATA ELEMENTS--GENERAL INFORMATION
fixed length control field 191201s2008 xx 000 0 und d
020 ## - INTERNATIONAL STANDARD BOOK NUMBER
International Standard Book Number 9788120320635
082 ## - DEWEY DECIMAL CLASSIFICATION NUMBER
Classification number 005.43
Item number TAM
100 ## - MAIN ENTRY--PERSONAL NAME
Personal name TANENBAUM, Andrew S
245 #0 - TITLE STATEMENT
Title Modern Operating Systems
250 ## - EDITION STATEMENT
Edition statement Rep.
260 ## - PUBLICATION, DISTRIBUTION, ETC. (IMPRINT)
Place of publication, distribution, etc N.Delhi
Name of publisher, distributor, etc PHI
Date of publication, distribution, etc 2008
300 ## - PHYSICAL DESCRIPTION
Extent 951
650 ## - SUBJECT ADDED ENTRY--TOPICAL TERM
Topical term or geographic name as entry element MCA
942 ## - ADDED ENTRY ELEMENTS (KOHA)
Source of classification or shelving scheme Dewey Decimal Classification
Koha item type Text Books
Holdings
Withdrawn status Lost status Source of classification or shelving scheme Damaged status Not for loan Collection code Home library Current library Date acquired Source of acquisition Cost, normal purchase price Bill Number Total Checkouts Full call number Acc. no. / Barcode Date last seen Bill Date Koha item type Date last borrowed
    Dewey Decimal Classification     MCA PIET C-LIBRARY PIET C-LIBRARY 24/02/2009 J B C, New Delhi 325.00 SI-5377   005.43 TAM 11167 04/12/2019 27/01/2009 Text Books  
    Dewey Decimal Classification     MCA PIET C-LIBRARY PIET C-LIBRARY 24/02/2009 J B C, New Delhi 325.00 SI-5377   005.43 TAM 11168 04/12/2019 27/01/2009 Text Books  
    Dewey Decimal Classification     Computer Science & Engineering in Cyber Security PIET C-LIBRARY PIET C-LIBRARY 24/02/2009 J B C, New Delhi 325.00 SI-5377   005.43 TAM 11169 04/12/2019 27/01/2009 Text Books  
    Dewey Decimal Classification     Computer Science and Engineering in AI & Machine Learning PIET C-LIBRARY PIET C-LIBRARY 24/02/2009 J B C, New Delhi 325.00 SI-5377 1 005.43 TAM 11170 17/02/2020 27/01/2009 Text Books 06/02/2020

Design & Developed by: PIET Central Library
R70 Miles Stone Pattikalyana Samalkha Panipat 132102
mail ID :- [email protected], Phone No:- 0180-2569700 Ex.216